[Event "Passau op 7th"]
[Site "Passau"]
[Date "1999.04.05"]
[Round "7"]
[White "Sawatzky, Artur"]
[Black "Hapala, Michaela"]
[Result "1/2-1/2"]
[WhiteElo "1419"]
[BlackElo "1807"]
[PlyCount "81"]
[EventDate "1999.04.02"]
[EventType "swiss"]
[EventRounds "7"]
[EventCountry "GER"]
[SourceTitle "EXT 2000"]
[Source "ChessBase"]
[SourceDate "1999.11.16"]
[SourceVersion "1"]
[SourceVersionDate "1999.11.16"]
[SourceQuality "1"]

1. e4 c5 2. Nf3 Nc6 3. d4 cxd4 4. Nxd4 g6 5. Nc3 Bg7 6. Be3 Nf6 7. f3 0-0 8. Qd2 d5 9. exd5 Nxd5 10. Nxd5 Qxd5 11. Nxc6 Qxc6 12. c3 Bf5 13. Rd1 e5 14. Qd5 Qxd5 15. Rxd5 a6 16. Rd2 e4 17. Be2 Rfe8 18. Kf2 exf3 19. Bxf3 Rxe3 20. Kxe3 Bh6+ 21. Ke2 Re8+ 22. Kd1 Bxd2 23. Kxd2 Rd8+ 24. Kc1 Rd7 25. Rd1 Rc7 26. Rd4 h5 27. Rb4 b5 28. a4 Bd3 29. Kd2 Rd7 30. Rd4 Rxd4 31. cxd4 Bc4 32. axb5 axb5 33. b4 Kf8 34. Ke3 Ke7 35. Kf4 f6 36. h4 Bd3 37. Be4 g5+ 38. hxg5 fxg5+ 39. Ke3 Bxe4 40. Kxe4 Ke6 41. d5+ 1/2-1/2